000 00470nam a2200181Ia 4500
008 170705s9999 xx 000 0 und d
020 _a9780140481341
245 _aDeath of a salesman :
245 _bcertain private conversations in two acts and a requiem /
245 _cArthur Miller.
260 _aNew York :
260 _bPenguin Books,
260 _c1977
300 _a139 pages :
300 _bcolor illustration ;
300 _c20cm.
500 _a1320
999 _c336718
_d336718